• 首页
  • 本馆介绍
  • 公告通知
  • 最新文献
  • 馆藏检索
  • 电子资源
  • 读者导购
  • 参考咨询
  • 我的图书馆
  • 登录
  • 详细信息显示
  • 放入我的书架
  • 预约/预借图书
  • 作者相关作品
  • 分类相关作品
  • 丛书相关作品
  • 出版社相关作品

书目信息

  • 表格格式
  • 工作单格式
  • 卡片格式
题名:
苏联社会主义经济问题
    
 
作者: 斯大林 著 ;中共中央马恩列斯著作编译局 译
分册:  
出版信息: 北京   人民出版社  1952.11
页数: 72页
开本: 21cm
丛书名:
单 册:
中图分类: A328
科图分类:
主题词: 斯大林著作--单行本--1946~1953年
电子资源:
ISBN:
000 00671nam0 2200205 45
001 0181023592
005 20060802152649.15
010    @dCNY0.21
091    @a1001.93
100    @a20810111d km y0chiy0120 ea
101 0  @achi
200 1  @a苏联社会主义经济问题@ASU LIAN SHE HUI ZHU YI JING JI WEN TI@f斯大林著@FSi Da Lin Zhu@g中共中央马恩列斯著作编译局译
210    @a北京@c人民出版社@d1952.11
215    @a72页@d21cm
606 0  @a斯大林著作@x单行本@z1946~1953年
690    @aA328@v3
701 0  @a斯大林@4著
712 02 @a中共中央马恩列斯著作编译局@AZhong Gong Zhong Yang Ma En Lie Si Zhu ZuoBian Yi Ju@4译
801    @aCN@bTSTC@c20060802
905    @dA328@e15@f1@b65610
    
    苏联社会主义经济问题/斯大林著/中共中央马恩列斯著作编译局译.-北京:人民出版社,1952.11
    72页;21cm
    
    
    ISBN :CNY0.21
    
●
相关链接 在E读中查询图书 在五车中查询图书 在当当中查询图书 在豆瓣中查询图书


正题名:苏联社会主义经济问题     索取号:A328/15         预约/预借

序号 登录号 条形码 馆藏地/架位号 状态 备注
1 0441893   204418932   密集书库/ [索取号:A328/15] 在馆    
唐山师范学院图书馆 欢迎您!
大连网信软件有限公司© 版权所有